| 000 | 00519nam a2200193 i 4500 | ||
|---|---|---|---|
| 001 | bg | ||
| 100 | 1 | _aBEER, Ferdinand P. | |
| 245 | 0 |
_aVector mechanics for engineers : _bdynamics / _cFerdinand Beer, E. Russel Johnston. |
|
| 250 | _a3rd ed. | ||
| 260 |
_aNew York : _bMcGraw-Hill Book Company, _c1977. |
||
| 700 | 1 | _aJOHNSTON, E. Russel | |
| 020 | _a0070042810 | ||
| 040 | _cBPK | ||
| 041 | _apol | ||
| 080 | _a531:514.7 | ||
| 920 | _a0-07-004281-0 | ||
| 942 | _cKS | ||
| 008 | s pl f |000 0 pol | ||
| 999 |
_c29613 _d29613 |
||
| 856 |
_uhttp://koha.tu.koszalin.pl/cgi-bin/koha/opac-detail.pl?biblionumber=29613 _yKatalog online BPK |
||